00522nam a22001697a 450000500170000001000150001702000260003203500140005803700090007208200060008110000200008724500490010725000060015626000480016227001210021030000210033120260514111719.0 aENG-148484 a9789393757920c250.00 aEN-132016 bDBAD aS aSharma, Amrita  aWhy Did I Ever Get Married?/cAmrita Sharma, a1 bVishwakarma Publicationsc2023aMaharashtra a34A/1, Suyog Center, 7th floor, Gultekedi Marketyard Road, Giridhar Bhavan Chowk, e411037bPuneminfo@vpindia.co.in a167p.c21cm (pb)